सहस्राब्दी का कवि : (Record no. 113371)

MARC details
000 -LEADER
fixed length control field 01141nam a22002537a 4500
005 - DATE AND TIME OF LATEST TRANSACTION
control field 20170124102952.0
010 ## - LIBRARY OF CONGRESS CONTROL NUMBER
LC control number B-075029
020 ## - INTERNATIONAL STANDARD BOOK NUMBER
Terms of availability 125.00
International Standard Book Number 8170551463
035 ## - SYSTEM CONTROL NUMBER
System control number B-075029
037 ## - SOURCE OF ACQUISITION
Source of stock number/acquisition Cen Lib/Ret
040 ## - CATALOGING SOURCE
Original cataloging agency DPL
Language of cataloging HN
082 ## - DEWEY DECIMAL CLASSIFICATION NUMBER
Classification number 821.08
Item number तिवारी
100 ## - MAIN ENTRY--PERSONAL NAME
Personal name तिवारी, गोपाल शरण
9 (RLIN) 51938
245 ## - TITLE STATEMENT
Title सहस्राब्दी का कवि :
Statement of responsibility, etc गोपाल शरण तिवारी
Remainder of title तुलसीदास /
246 ## - VARYING FORM OF TITLE
Title proper/short title Sehestrabdi ka kavi : Tulsidaas /
Remainder of title by Gopal Sharan Tiwari
260 ## - PUBLICATION, DISTRIBUTION, ETC. (IMPRINT)
Place of publication, distribution, etc नयी दिल्ली
Name of publisher, distributor, etc वाणी प्रकाशन
Date of publication, distribution, etc 2002
270 ## - ADDRESS
City नयी दिल्ली
Postal code 110002
Address 21-ए, दरियागंज
300 ## - PHYSICAL DESCRIPTION
Extent 111पृ.
Dimensions 20सेमी (सजिल्द)
650 ## - SUBJECT ADDED ENTRY--TOPICAL TERM
Topical term or geographic name as entry element हिन्दी -- साहित्य
9 (RLIN) 51939
650 ## - SUBJECT ADDED ENTRY--TOPICAL TERM
Topical term or geographic name as entry element हिन्दी -- तुलसी -- चिन्तक एवं कवि
9 (RLIN) 51940
650 ## - SUBJECT ADDED ENTRY--TOPICAL TERM
Topical term or geographic name as entry element Hindi -- literature
9 (RLIN) 51941
650 ## - SUBJECT ADDED ENTRY--TOPICAL TERM
Topical term or geographic name as entry element Hindi - Tulsi - thinker and poet
9 (RLIN) 51942
942 ## - ADDED ENTRY ELEMENTS (KOHA)
Source of classification or shelving scheme Dewey Decimal Classification
Koha item type Hindi Books
Classification part 821.08
Call number suffix तिवारी
Holdings
Withdrawn status Lost status Damaged status Not for loan Home library Current library Date acquired Source of acquisition Cost, normal purchase price Total Checkouts Full call number Barcode Date last seen Copy number Cost, replacement price Price effective from Koha item type
        Central Library Central Library 12/08/2015 Cen Lib/Ret 125.00   821.08 तिवारी B-075029 12/08/2015 1 125.00 12/08/2015 Hindi Books

© Delhi Public Library
Hit Counter
free hit counter